|
|
|
|
| LEADER |
00000nam a2200000 i 4500 |
| 001 |
1/28345 |
| 008 |
130412s2005 gre d |
| 020 |
|
|
|a 978-960-435-060-5
|
| 035 |
|
|
|l 10114179
|
| 040 |
|
|
|a GR-MY-UA
|b gre
|e aacr
|
| 041 |
0 |
|
|a gre
|
| 082 |
0 |
|
|a 320.5
|2 (22)
|
| 100 |
1 |
|
|a Kymlicka, Will.
|
| 245 |
1 |
2 |
|a Η πολιτική φιλοσοφία της εποχής :
|b μια εισαγωγή /
|c μετάφραση-εισαγωγή: Γρηγόρης Μολύβας
|
| 260 |
|
|
|a Αθήνα :
|b Πόλις,
|c 2005
|
| 300 |
|
|
|a 691 σ.;
|c 25 εκ.
|
| 504 |
|
|
|a Περιλαμβάνει βιβλιογραφία και ευρετήριο
|
| 650 |
0 |
0 |
|a Political science
|x History
|y 20th century.
|
| 650 |
0 |
0 |
|a Political science
|x Philosophy.
|
| 700 |
1 |
|
|a Μολύβας, Γρηγόρης,
|d 1965- .
|4 aui
|4 trl
|
| 852 |
|
|
|a INST
|b LESVOS
|c EUDOXUS
|e 20130412
|h 320.5 KYM
|p 005100052542
|q 005100052542
|t EDX
|y 0
|
| 901 |
|
|
|a BIBL1-2013-1
|
| 909 |
|
|
|a Λ
|b 179048
|
| 920 |
|
|
|a ΕΥΔΟΞΟΣ
|b ΠΑΡΑΓΓΕΛΙΑ
|y ΛΕΣΒΟΣ-ΤΚ
|z 2013-02
|
| 970 |
|
|
|a ΤΖΑΦΕΡΗ
|b ΕΥΑΓΓΕΛΙΑ
|z 2013/04/12
|